| 000 | 00552 a2200169 4500 | ||
|---|---|---|---|
| 999 |
_c6936 _d6936 |
||
| 020 | _a9788120337923 | ||
| 050 | _aHD38.5 SUD 2009 | ||
| 100 |
_aSudalaimuthu, S. _eAuthor |
||
| 245 |
_aLogistics management for international business : _btexts and cases / _cS. Sudalaimuthu and S. Anthony Raj |
||
| 264 |
_aNew delhi: _bPHI Learning Private limited, _c2009. |
||
| 300 | _a384p. : | ||
| 500 | _aIncludes index | ||
| 650 |
_aLogistics _xManagement |
||
| 650 |
_aManagement _xBusiness |
||
| 700 |
_aRaj, Anthony, S. _eAuthor |
||
| 942 |
_2lcc _cBK _h38.5 _iSUD _kHD |
||